000
00186nam a2200073Ia 4500
008
170817s9999 xx 000 0 und d
100
_a
Sharma.Seema
245
0
_a
History Of Education
260
_b
Anmol Publications Delhi
999
_c
38887
_d
38887